Asphalt- und Teerindustrie-Zeitung
Descripción Física:
[64] p. : ill. ; 27 cm
MARC
| LEADER | 00000nam a2200000Ia 4500 | ||
|---|---|---|---|
| 003 | BGR | ||
| 005 | 20260324180604.0 | ||
| 008 | 160829s1926 xx 000 0 cat d | ||
| 080 | |a Revistes | ||
| 245 | |a Asphalt- und Teerindustrie-Zeitung | ||
| 260 | |a Berlin : |b Allgemeiner Industrie-Verlag (Alemania), |c 1926 | ||
| 300 | |a [64] p. : |b ill. ; |c 27 cm | ||
| 590 | |a Descripció basada en Núm. 35 (1926). | ||
| 590 | |a Text en alemany | ||
| 650 | |a Paviments d'asphalt |x Revistes |9 49427 | ||
| 650 | |a Asfalt |x Revistes |9 50045 | ||
| 650 | |a Carreteres |x Disseny i construcció |x Revistes |9 49429 | ||
| 710 | 1 | |9 70266 |a Allgemeiner Industrie-Verlag | |
| 866 | |a Núm. 35 (1926) | ||
| 901 | |a Arxiu | ||
| 942 | |n 1 |2 udc |c MON | ||
| 952 | |0 0 |1 0 |4 0 |6 REVISTES |7 1 |9 55325 |a Arxiu |b Arxiu |d 2016-12-01 |l 0 |o Revistes |r 2016-12-01 00:00:00 |w 2016-12-01 |y ARXIU | ||
| 999 | |c 59198 |d 59198 | ||